[Event "Australian-ch 2020"]
[Site "Kogarah"]
[Date "2020.01.12"]
[Round "10.10"]
[White "Plant, John Stuart"]
[Black "Parle, Hughston"]
[Result "0-1"]
[WhiteElo "1993"]
[BlackElo "2057"]
[Annotator "NA RC"]
[PlyCount "118"]
[EventDate "2020.01.02"]
[EventType "swiss"]
[EventCountry "AUS"]
[SourceTitle "playchess.com"]
[Source "ChessBase"]
[SourceQuality "1"]
[TimeControl "40/5400+30:1800+30"]

1. b3 d6 2. Bb2 Nd7 3. e3 Ngf6 4. d4 e5 5. c4 c6 (5... c5) (5... exd4 $11 {keeps the balance.} 6. Qxd4 g6) 6. Nc3 Be7 7. Qc2 O-O 8. Nf3 Re8 9. Be2 Bf8 10. O-O a6 11. Nd2 {A54: Old Indian Defence with Nf3, but without e4} b5 $146 ({Predecessor:} 11... g6 12. Rae1 Qc7 13. f4 Bg7 14. c5 exd4 15. cxd6 Qxd6 16. Nc4 Qc7 17. exd4 Nb6 18. Ne5 Nfd5 {0-1 (38) Ascic,A (2207)-Bosnjak,P (2095) Bol 2013}) 12. Bf3 Qb6 13. Nce4 Bb7 14. Nxf6+ Nxf6 15. Rfc1 c5 16. d5 g6 17. g4 Bc8 18. g5 Nd7 19. Ne4 Qd8 20. Be2 bxc4 21. Bxc4 f5 22. gxf6 Nxf6 23. Nxf6+ Qxf6 24. f4 Bg7 25. Qg2 Qh4 26. Qg3 Qh5 27. Qg5 exf4 28. Qxh5 gxh5 29. Bxg7 Kxg7 30. exf4 Ra7 31. Re1 Rae7 32. Rxe7+ Rxe7 33. Kf2 Kf6 34. Bd3 a5 35. Rg1 Rg7 36. Re1 Bd7 37. Kf3 Bg4+ 38. Kf2 Bd7 39. Re3 h4 40. a3 h6 41. a4 Rg4 42. Kf3 h3 43. Bf1 Rg1 44. Kf2 $15 Rh1 45. Rd3 Bf5 46. Re3 Rxh2+ 47. Kg1 Rd2 48. Bxh3 Rd3 49. Rxd3 Bxd3 50. Kf2 Bc2 51. Bd7 Bxb3 52. Bc6 Bc2 53. Ke3 h5 54. Bd7 Bf5 55. Bb5 Bg4 56. Bd3 h4 57. Kf2 Bd1 58. Kg2 Bxa4 59. Kh3 Bb3 0-1

[Event "Australian-ch 2020"]
[Site "Kogarah"]
[Date "2020.01.13"]
[Round "11.1"]
[White "O`Chee, Kevin"]
[Black "Kuybokarov, Temur"]
[Result "1/2-1/2"]
[WhiteElo "2156"]
[BlackElo "2523"]
[Annotator "TA"]
[PlyCount "103"]
[EventDate "2020.01.02"]
[EventType "swiss"]
[EventCountry "AUS"]
[SourceTitle "playchess.com"]
[Source "ChessBase"]
[SourceQuality "1"]

{[%evp 9,103,-10,-16,-22,-21,-34,-34,-82,-60,-50,-49,-103,-89,-77,-66,-79,-74,-85,-93,-124,-124,-141,-129,-120,-122,-144,-142,-140,-125,-126,-128,-137,-123,-141,-128,-133,-117,-141,-94,-99,-73,-79,-79,-112,-115,-130,-99,-85,-98,-99,-97,-106,0,0,39,-65,-75,-90,-89,-127,-146,-134,-125,-158,-158,-156,-169,-158,-127,-130,0,-162,-69,-78,0,0,0,0,0,0,0,0,0,0,0,0,0,0,0,0,0,0,0,0,0,0]} 1. c4 e5 2. g3 Nc6 3. Bg2 Bc5 4. Nc3 d6 5. Na4 (5. a3 a6 6. d3 Nf6 7. Nf3 h6 8. O-O O-O 9. b4 Ba7 10. e3 Be6 11. Bb2 Qd7 12. Rc1 Ne7 13. d4 exd4 14. Nxd4 Bxc4 15. Ne4 Nxe4 16. Rxc4 d5 17. Bxe4 dxc4 {1-0 (31) Navara,D (2734)-Fedorchuk,S (2633) Riga 2019}) 5... Nge7 6. Nxc5 {A25: English Opening vs King's Indian with ...Nc6 but without early d3} dxc5 7. d3 O-O 8. f4 $146 {Black is slightly better.} ({Predecessor:} 8. Nh3 Bf5 9. f3 Qd7 10. Nf2 b6 11. O-O Rad8 12. Bd2 a5 {0-1 (57) Fernandez,D (2477)-Savchenko,S (2489) Kecskemet 2015}) 8... exf4 9. Bxf4 Ng6 10. Nf3 (10. Bxc6 $15 Nxf4 11. Be4) 10... Nxf4 11. gxf4 Nd4 12. O-O Nxf3+ 13. Bxf3 Qd4+ 14. Kh1 Qxf4 15. Be4 Qd6 16. Qd2 f5 17. Bf3 c6 18. Rg1 Bd7 19. Rg2 Rae8 20. Rag1 {[#]} Re7 $1 21. Qa5 Ra8 22. a3 b6 23. Qa6 Bc8 24. Qa4 Bb7 25. Rg5 Qf6 26. Qc2 Rd8 27. Qb1 a5 28. Qc2 Bc8 29. Qb3 Rb7 30. Qa4 Qxb2 (30... Rd6 $17 31. b4 axb4 32. axb4 cxb4) 31. Qxc6 $11 Qe5 32. Qh6 ({Better is} 32. Bd5+ $14 Kf8 33. e4) 32... Kh8 $1 $36 {[%mdl 2048] Black is in control.} 33. Qh4 {Rxg7 would kill now.} Rd6 34. Rh5 g6 35. Rhg5 {Rxg6 is the strong threat.} Rg7 36. Qh6 Bd7 37. Qh3 Qf6 38. Bd5 Be6 39. Bf3 Bd7 40. Bd5 $1 Qd4 ({Black should play} 40... b5 $19 41. Qf3 bxc4 42. dxc4 Re7) 41. Qg3 Rxd5 (41... f4 $17 42. Qf3 Bf5) 42. cxd5 $11 {The position is equal.} Qxd5+ 43. e4 $1 {[%cal Re4d5]} Qd4 {Hoping for ...c4.} 44. Qb8+ {[%mdl 64] [#] Double Attack} Rg8 45. Qxb6 Qxd3 46. Qf6+ Rg7 47. Qf8+ Rg8 48. Qf6+ Rg7 49. Qf8+ Rg8 50. Qf6+ Rg7 51. Qf8+ Rg8 52. Qf6+ {Accuracy: White = 46%, Black = 66%.} 1/2-1/2

[Event "Australian-ch 2020"]
[Site "Kogarah"]
[Date "2020.01.13"]
[Round "11.2"]
[White "Ikeda, Junta"]
[Black "McGowan, Cameron"]
[Result "1-0"]
[WhiteElo "2438"]
[BlackElo "2221"]
[Annotator "TA"]
[PlyCount "103"]
[EventDate "2020.01.02"]
[EventType "swiss"]
[EventCountry "AUS"]
[SourceTitle "playchess.com"]
[Source "ChessBase"]
[SourceQuality "1"]

{[%evp 20,103,43,33,53,44,141,140,158,165,156,163,165,141,176,133,156,125,141,118,180,193,199,181,245,149,139,120,126,114,114,119,145,147,150,149,151,151,149,148,160,141,179,177,217,213,213,213,214,182,183,182,235,235,227,222,311,288,372,363,485,474,474,468,481,494,474,347,333,282,395,399,500,529,604,591,568,539,666,654,5348,4642,2206,2689,12829,7868]} 1. Nf3 Nf6 2. g3 g6 3. b3 d6 4. d4 Bg7 5. Bb2 O-O 6. Bg2 Nfd7 7. O-O Nc6 8. c4 e5 9. dxe5 Ndxe5 10. Nxe5 dxe5 11. Nc3 Qxd1 {A49: 1 d4 Nf6 2 Nf3 g6 3 g3: Anti-King's Indian systems} (11... Nd4 12. Ba3 Re8 13. e3 Ne6 14. Qxd8 Rxd8 15. Nd5 c6 16. Ne7+ Kh8 17. Nxc8 Raxc8 18. Rad1 f5 19. Be7 {½-½ (43) Stefanova,A (2486)-Skripchenko,A (2408) St Petersburg 2018}) 12. Rfxd1 {Hoping for Ba3.} Nd4 {[#]} (12... Bf5 $14) 13. Ba3 $146 ({Predecessor:} 13. e3 Ne6 14. Ba3 Re8 15. Nd5 Kh8 16. Rac1 c6 17. Nc3 f5 18. f4 e4 19. g4 {1-0 (49) Garcia Gonzales,G-Cobo Arteaga,E Camaguey 1974}) 13... Rd8 {White is clearly better.} 14. e3 Ne6 15. Rxd8+ Nxd8 16. Nd5 c6 17. Nc7 Rb8 18. Bd6 e4 19. Rc1 {Black must now prevent Ne6!} Bf8 {[#]} (19... Bg4 $16 {was worth a try.}) 20. Bf4 $1 $18 Ba3 21. Rf1 Bf5 (21... g5 {might work better.}) 22. Ne8 Rc8 23. Nf6+ Kg7 24. Nxe4 Bxe4 25. Bxe4 Ne6 26. Be5+ f6 27. Bc3 Rd8 28. Kg2 Kf7 29. g4 Be7 30. f4 Nc5 31. Bc2 Nd3 32. Rd1 Nc5 33. Rxd8 Bxd8 {[%mdl 4096] Endgame KBB-KBN} 34. Bd4 Be7 35. Kf3 a6 (35... b6 $142 36. h4 a5) 36. b4 Ne6 37. Bc3 c5 (37... Nc7 $142 38. a3 c5) 38. b5 Nc7 39. a4 axb5 40. cxb5 b6 41. Bb3+ Ke8 42. Bc4 Kd7 43. Ke4 Ne8 44. a5 bxa5 (44... f5+ {was called for.} 45. Kd3 bxa5 46. Bxa5 Nd6) 45. Bxa5 Nd6+ 46. Kd5 {White is clearly winning.} Nb7 47. Bb6 Bd6 48. Bd3 Bb8 49. h4 Bc7 50. Bxc7 Kxc7 51. e4 Kd7 52. g5 {Accuracy: White = 87%, Black = 27%.} 1-0

[Event "Australian-ch 2020"]
[Site "Kogarah"]
[Date "2020.01.13"]
[Round "11.3"]
[White "Bjelobrk, Igor"]
[Black "Puccini, Jack"]
[Result "1/2-1/2"]
[WhiteElo "2403"]
[BlackElo "2265"]
[Annotator "TA"]
[PlyCount "113"]
[EventDate "2020.01.02"]
[EventType "swiss"]
[EventCountry "AUS"]
[SourceTitle "playchess.com"]
[Source "ChessBase"]
[SourceQuality "1"]

{[%evp 16,113,23,28,20,23,39,36,35,43,33,36,50,20,65,77,79,23,45,0,0,0,0,0,58,56,66,67,150,133,325,235,229,229,240,180,187,160,141,131,157,41,95,95,168,166,170,-8,-8,-8,-8,-8,-8,-8,-8,-8,-8,-30,-27,-51,-8,-8,-6,-8,69,69,72,72,72,72,72,72,72,72,72,72,72,72,72,23,23,23,32,12,32,32,72,72,72,34,41,0,0,0,0,0,0,0,0,0]} 1. d4 Nf6 2. c4 g6 3. Nc3 Bg7 4. e4 d6 5. Nf3 O-O 6. h3 e5 7. d5 a5 8. Be3 Na6 9. g4 Nd7 {E90: King's Indian: Classical: Early deviations and 6 h3} 10. a3 Nb6 11. Rg1 Bd7 {White is slightly better.} 12. h4 Nc5 13. b3 {[#]} Qe7 $146 ({Predecessor:} 13... Kh8 14. a4 c6 15. dxc6 Bxc6 16. Bd3 Nbd7 17. Bc2 {½-½ (40) Tomashevsky,E (2696)-Saric,I (2618) Minsk 2017}) 14. Rb1 Rfc8 15. h5 c6 {Threatening ...cxd5.} 16. hxg6 (16. Rc1 $16) 16... fxg6 $11 17. Nd2 cxd5 18. exd5 {aiming for Nce4.} e4 $1 19. Bxc5 $1 Rxc5 (19... dxc5 $11 20. Ncxe4 Rf8) 20. Ncxe4 $14 Rf8 21. Qe2 Qh4 ({Black should try} 21... Rc7 $14) 22. Qe3 {[%mdl 64] Pin} Be5 $2 (22... Nc8 $16 {was worth a try.}) 23. Nf3 Rxf3 24. Qxf3 Rc8 25. Bd3 Rf8 26. Qh1 Qe7 27. Kf1 Rf4 28. g5 ({Better is} 28. f3 $16) 28... Bf5 (28... Qf7 $1 $14) 29. Re1 $16 Nd7 {[#]} (29... Qf8 $16 30. Qh6 a4) 30. Rg3 $1 $18 Qf7 {Strongly threatening ...Bxe4.} 31. Re2 $2 (31. Qg2 $18) 31... Rxe4 $11 32. Bxe4 Bxg3 33. Bxf5 Qxf5 34. Qe4 $36 {[%mdl 2048] White has the initiative.} Be5 35. Qxf5 gxf5 36. f4 Bxf4 37. Re7 Nc5 38. b4 axb4 39. axb4 Ne4 ({Black should play} 39... Bxg5 $11 40. Rc7 Nb3) 40. Rxb7 $14 Nd2+ ({Wrong is} 40... Nxg5 $2 41. b5 $18) 41. Ke2 Nxc4 {[#]} 42. b5 $1 Bh2 43. b6 Nxb6 44. Rxb6 $16 {[%mdl 4096] Endgame KR-KB} Kf7 45. Rb3 Kg6 46. Rh3 Be5 47. Rh6+ Kxg5 48. Rxh7 Kf4 49. Kd3 Kg5 50. Re7 Bh2 51. Re6 Bg3 52. Kc4 Kg4 53. Kb5 Bh2 {The position is equal.} 54. Kc6 Bf4 55. Kd7 Be5 {And now ...f4 would win.} 56. Rg6+ Kf3 57. Rxd6 {Accuracy: White = 59%, Black = 62%.} 1/2-1/2

[Event "Australian-ch 2020"]
[Site "Kogarah"]
[Date "2020.01.13"]
[Round "11.4"]
[White "Zhang, Jilin"]
[Black "Clarke, Brandon G I"]
[Result "1/2-1/2"]
[WhiteElo "2237"]
[BlackElo "2438"]
[Annotator "TA"]
[PlyCount "89"]
[EventDate "2020.01.02"]
[EventType "swiss"]
[EventCountry "AUS"]
[SourceTitle "playchess.com"]
[Source "ChessBase"]
[SourceQuality "1"]

{[%evp 22,89,83,70,70,81,99,93,89,90,76,53,58,66,252,236,228,115,118,123,273,0,0,0,0,-8,-8,-8,-9,-17,-5,-10,-12,-24,-13,-25,-18,-31,-6,0,0,0,0,0,0,-15,-14,-17,-10,-15,0,0,0,0,0,0,0,0,0,-8,-8,-32,0,0,0,0,0,0,0,0]} 1. e4 c5 2. Nf3 d6 3. d4 cxd4 4. Nxd4 Nf6 5. Nc3 a6 6. Be2 e5 7. Nb3 Be7 8. O-O O-O 9. Kh1 Be6 10. f4 Qc7 11. f5 Bc4 12. g4 d5 $1 {[%cal Rd5d4] B92: Sicilian Najdorf: 6 Be2} 13. g5 ({Reject} 13. Nxd5 $6 Nxd5 14. exd5 Rd8 $15) 13... Nxe4 14. Nxe4 dxe4 {White is better.} 15. f6 Bb4 16. Bxc4 Qxc4 17. c3 (17. fxg7 Rc8 18. Be3 Nc6 19. c3 Be7 20. Nd2 {1-0 (55) Short,N (2687)-Dvoirys,S (2615) Izmir 2004}) 17... Bd6 $2 (17... Bc5 $1 $14) 18. Be3 $1 $18 Rd8 {[#]} 19. fxg7 $146 (19. Nc5 $1 $18 {[%mdl 512]}) ({Predecessor:} 19. Nc5 Bc7 20. Qh5 {1-0 (72) Earle,A (1908)-Zhao,N (2284) Acri 2006}) 19... Be7 $16 20. Qh5 {Hoping for Rf5.} Rd3 {[#]} (20... Qe6 $16) 21. g6 $2 (21. Bc5 $1 $18 Rf3 22. Rxf3 exf3 23. Bxe7) 21... fxg6 $11 22. Rf8+ Bxf8 23. gxf8=Q+ Kxf8 24. Qxh7 ({Avoid the trap} 24. Rf1+ $2 Kg8 $19) 24... Rxe3 25. Qh6+ Kf7 {...Rf3 is the strong threat.} 26. Qxe3 Nd7 27. Kg1 Kg7 28. Re1 Rf8 {And now ...Rf4 would win.} 29. Qxe4 Rf1+ (29... Qb5 {feels hotter.} 30. c4 Qb6+ 31. c5 Qc7 32. Qd5 Rf5) 30. Kg2 Qxe4+ 31. Rxe4 {[%mdl 4096] Endgame KRN-KRN} Rb1 32. Re2 b6 33. c4 Kf7 34. Rc2 Ke6 35. Nd2 Ra1 36. b4 $1 Rd1 37. Ne4 Rd4 38. Kf3 Nb8 39. Rd2 Nc6 40. Rxd4 exd4 41. b5 Ne5+ 42. Kf4 {The position is equal.} axb5 43. Ng5+ Kf6 44. Ne4+ Ke6 45. Ng5+ {Accuracy: White = 55%, Black = 53%.} 1/2-1/2

[Event "Australian-ch 2020"]
[Site "Kogarah"]
[Date "2020.01.13"]
[Round "11.5"]
[White "McClymont, Brodie"]
[Black "Hu, Jason"]
[Result "0-1"]
[WhiteElo "2421"]
[BlackElo "2159"]
[Annotator "TA"]
[PlyCount "87"]
[EventDate "2020.01.02"]
[EventType "swiss"]
[EventCountry "AUS"]
[SourceTitle "playchess.com"]
[Source "ChessBase"]
[SourceQuality "1"]

{[%evp 13,87,25,54,54,52,31,46,41,27,33,29,38,40,37,57,-194,-178,-195,-195,-235,-217,-316,-320,-324,-319,-371,-366,-377,-351,-326,-373,-377,-343,-427,-412,-505,-477,-769,-773,-750,-689,-992,-980,-854,-879,-1168,-902,-891,-870,-849,-1016,-889,-944,-1027,-1085,-1426,-1406,-1637,-1659,-1287,-940,-1207,-882,-1403,-1401,-29983,-29984,-29986,-29987,-29988,-29989,-29989,-29990,-29990,-29990,-29990]} 1. e4 c6 2. d4 d5 3. e5 Bf5 4. Nf3 e6 5. Be2 c5 6. Be3 Qb6 7. Nc3 Nc6 8. O-O {Threatens to win with dxc5. B12: Caro-Kann: Advance Variation} c4 (8... Qxb2 9. Qe1 cxd4 10. Bxd4 Nxd4 11. Nxd4 Bb4 12. Rb1 Bxc3 13. Rxb2 Bxe1 14. Rxe1 b6 15. Nb5 Kf8 {½-½ (39) Adhiban,B (2639)-Wojtaszek,R (2748) Douglas 2019}) 9. Rb1 Qa5 10. Nh4 {White is slightly better.} Bg6 11. f4 Be7 12. Nxg6 hxg6 13. a3 b5 $146 ({Predecessor:} 13... a6 14. g4 Nh6 15. Qd2 Qc7 {½-½ (37) Faridani,A (2290)-Leite,D (2324) ICCF email 2016}) 14. b4 $2 {[%mdl 8192] [#]} (14. Bf3 $14 {keeps the upper hand.}) 14... Qxa3 $19 15. Rf3 Qa6 ({Not} 15... Qxc3 16. Bf2 $11) 16. g4 Bxb4 17. Nxb5 (17. Ra1 $142 Qb6 18. Na2) 17... Qxb5 18. c3 a5 19. f5 gxf5 20. gxf5 Nge7 21. fxe6 fxe6 22. Qc2 Qa6 23. Bf1 Nf5 24. cxb4 axb4 {[%cal Ba5b4,Bb4b3][%mdl 32]} 25. Bh3 (25. Rxf5 $142 exf5 26. Qg2) 25... b3 26. Qf2 Nce7 27. Bg5 Qa2 28. Rb2 Qa1+ 29. Bf1 Qd1 30. Rd2 Qb1 31. Rb2 Qa1 32. Bxe7 Kxe7 33. Qd2 Kf7 34. Rf2 Rh6 35. Qb4 Kg8 36. Qd2 Qa5 37. Qg5 Qd8 38. Rxf5 exf5 39. Qxf5 Ra2 {Black mates.} 40. Rg2 Rxg2+ 41. Bxg2 c3 42. e6 c2 43. Qf7+ Kh8 44. Qxg7+ {Accuracy: White = 41%, Black = 80%.} 0-1

[Event "Australian-ch 2020"]
[Site "Kogarah"]
[Date "2020.01.13"]
[Round "11.6"]
[White "Wallis, Christopher"]
[Black "Huynh, Arthur"]
[Result "1-0"]
[WhiteElo "2322"]
[BlackElo "2136"]
[Annotator "TA"]
[PlyCount "61"]
[EventDate "2020.01.02"]
[EventType "swiss"]
[EventCountry "AUS"]
[SourceTitle "playchess.com"]
[Source "ChessBase"]
[SourceQuality "1"]

{[%evp 22,61,90,79,100,55,89,46,89,99,106,82,99,60,99,56,63,55,78,65,120,102,118,111,137,130,141,135,126,134,170,164,177,147,179,149,267,259,549,543,549,545]} 1. d4 Nf6 2. c4 e6 3. g3 d5 4. Nf3 Be7 5. Bg2 O-O 6. O-O Nbd7 7. Qc2 c6 8. Nbd2 Re8 9. e4 dxe4 10. Nxe4 Nxe4 11. Qxe4 Nf6 12. Qc2 Bd7 {E09: Closed Catalan: Main Line: 7 Qc2 c6 8 Nbd2} (12... Rb8 13. Rd1 Qb6 14. Bf4 Ra8 15. Ne5 Nd7 16. c5 Qd8 17. Nc4 Nf6 18. a3 Nd5 19. Be5 b6 20. Bd6 {1-0 (69) Delchev,A (2552)-Uruci,B (2137) Skopje 2018}) 13. Bd2 $146 ({Predecessor:} 13. Rd1 Qa5 14. Ne5 Rad8 15. a3 Rc8 16. Bf4 Bf8 17. Qb3 Qb6 18. Qf3 Qd8 19. g4 Re7 20. Bg5 {1-0 (43) Cubas Cabrera,A (2083)-Sanchez Montesdeoca,I (1737) Las Palmas 2019}) 13... Qc7 14. Rad1 Rad8 {White is slightly better.} 15. Bf4 Bd6 16. Bxd6 Qxd6 17. Rfe1 Bc8 18. Qc3 b6 19. Ne5 Bb7 20. c5 (20. b4 {looks sharper.} Re7 21. a4 a6 22. c5 Qc7 23. cxb6 Qxb6 24. Qc5) 20... bxc5 (20... Qc7 $14) 21. Qxc5 $16 Qxc5 22. dxc5 Rxd1 23. Rxd1 Nd5 24. Rd3 f6 25. Rb3 $36 {[%mdl 2048] White is really pushing.} Re7 26. Nc4 {[#] Hoping for Nd6.} Ba6 27. Nd6 {Intending Rb8+ and mate.} g6 28. Bf3 Kg7 (28... f5 $16 29. Kg2 Kf8) 29. Ra3 $18 Nc7 $2 {[#]} (29... Bb5 {was worth a try.} 30. Nc8 Rf7) 30. Bxc6 e5 31. b4 {Accuracy: White = 33%, Black = 20%.} 1-0

[Event "Australian-ch 2020"]
[Site "Kogarah"]
[Date "2020.01.13"]
[Round "11.7"]
[White "Solomon, Stephen J"]
[Black "Bayaca, Sterling"]
[Result "1/2-1/2"]
[WhiteElo "2319"]
[BlackElo "1994"]
[Annotator "TA"]
[PlyCount "92"]
[EventDate "2020.01.02"]
[EventType "swiss"]
[EventCountry "AUS"]
[SourceTitle "playchess.com"]
[Source "ChessBase"]
[SourceQuality "1"]

{[%evp 21,92,21,22,16,19,22,36,34,45,45,56,14,68,24,20,18,14,-8,99,98,107,102,110,106,279,129,309,307,307,304,308,299,307,311,310,304,320,294,272,266,429,445,415,368,332,362,436,230,245,229,215,48,37,28,185,-135,-128,-201,-201,-201,-201,-195,-185,-169,-62,-87,-62,-122,0,0,0,0,0]} 1. e4 e5 2. Nf3 Nc6 3. Bb5 a6 4. Ba4 Nf6 5. O-O Be7 6. Re1 b5 7. Bb3 O-O 8. c3 d6 9. h3 Nb8 10. d4 Nbd7 11. Nbd2 c5 12. Nf1 {C95: Closed Ruy Lopez: Breyer Variation with 10 d4} Bb7 (12... Re8 13. Ng3 Bf8 14. Ng5 c4 15. Bc2 h6 16. Nf3 Bb7 17. Bd2 Qc7 18. d5 g6 19. b4 a5 {1-0 (50) Duda,J (2734)-Kovalev,V (2661) Batumi 2019}) 13. Ng3 g6 14. Bh6 {White is slightly better.} Re8 15. Qd2 Bf8 $146 ({Predecessor:} 15... c4 16. Bc2 Bf8 17. Bxf8 Rxf8 18. Qh6 Qe7 19. Rad1 Rfe8 {½-½ (94) Muratovic,E (2230)-Iveljic,I (2230) Tuzla 2019}) 16. a4 Qc7 ({Black should play} 16... exd4 $11 17. cxd4 bxa4 18. Rxa4 Qb6 19. Bxf8 Qxb3) 17. d5 c4 18. Bc2 Nc5 19. Nf5 Kh8 (19... Nh5 $11) 20. Bxf8 $16 Rxf8 {[#]} 21. Qh6 $1 $40 {[%csl Gf5][%cal Rh6g7][%mdl 640] White goes for the king.} Nh5 22. axb5 (22. Ng5 f6 $15) 22... f6 $2 (22... axb5 $16 23. Rxa8 (23. Ng5 f6 $14) 23... Rxa8) 23. b6 (23. N3h4 $18 {Strongly threatening Nxg6+.} Nf4 24. b6 $1 {[%mdl 512]}) 23... Qd7 $2 (23... Qxb6 $16 24. Ne3 Qxb2) 24. Ne3 $18 Qb5 25. Nd2 Qxb6 26. Ndxc4 (26. Nexc4 Qc7 $18) 26... Qc7 27. b4 Nd7 28. Na5 Ng7 29. Nxb7 Qxb7 30. Ba4 Rac8 $2 (30... Ra7 31. Ra3 Nb8) 31. Bc6 Qc7 32. c4 f5 33. exf5 (33. Rxa6 Nb8 $18) 33... gxf5 34. f4 (34. c5 $142) 34... exf4 35. Qxf4 Ne5 36. Red1 $2 (36. Rxa6 $18 {Rea1 is the strong threat.} Qf7 37. Rea1) 36... Nh5 $1 $14 {[%cal Rh5f4]} 37. Qh4 f4 $2 (37... Qf7 $1 $11 {and Black has nothing to worry.}) 38. Qxh5 $2 (38. Ng4 $1 $18 {[%cal Rg4e5]} Nxg4 39. Qxg4 Qb6+ 40. Kh2 (40. c5 Qxb4 41. cxd6 Qxd6 $18)) 38... fxe3 $17 39. Qe2 ({Not} 39. Rxa6 $2 Qg7 $19) (39. Ra3 $17 {is a better defense.} Nxc4 40. Rc3) 39... Qg7 $19 {And now ...Rf2 would win.} 40. Rf1 ({Don't blunder} 40. Qxe3 $2 Nf3+ 41. Kh1 Qg3 $19) 40... Rf2 $1 41. Rxf2 exf2+ 42. Qxf2 Nxc6 ({Black should try} 42... Rf8 $1 $19 {[%cal Rf8f2]} 43. Qa2 Qg3 $1 {[%mdl 512]}) 43. Rxa6 $15 Nxb4 44. Ra7 {[#]} (44. Rxd6 $15 Qa1+ 45. Kh2 Qe5+ 46. Qg3 Qxg3+ 47. Kxg3) 44... Qe5 (44... Nd3 $1 $17 {[%cal Rd3f2]} 45. Rxg7 Nxf2) 45. Qf7 $11 {[%csl Ga7][%cal Rf7h7]} Qe1+ 46. Kh2 {[%csl Ga7][%cal Rf7h7]} Qe5+ {Accuracy: White = 37%, Black = 35%.} 1/2-1/2

[Event "Australian-ch 2020"]
[Site "Kogarah"]
[Date "2020.01.13"]
[Round "11.7"]
[White "Solomon, Stephen J"]
[Black "Bayaca, Sterling"]
[Result "*"]
[WhiteElo "2319"]
[BlackElo "1994"]
[Annotator "TA"]
[PlyCount "38"]
[EventDate "2020.01.02"]
[EventType "swiss"]
[EventCountry "AUS"]
[SourceTitle "playchess.com"]
[Source "ChessBase"]
[SourceQuality "1"]

{[%evp 21,26,23,27,20,39,39,43]} 1. e4 e5 2. Nf3 Nc6 3. Bb5 a6 4. Ba4 Nf6 5. O-O Be7 6. Re1 b5 7. Bb3 O-O 8. c3 d6 9. h3 Nb8 10. d4 Nbd7 11. Nbd2 {[%cal Bb1d2,Bd2f1,Bf1g3][%mdl 32]} c5 12. Nf1 {C95: Closed Ruy Lopez: Breyer Variation with 10 d4} Bb7 (12... Re8 13. Ng3 Bf8 14. Ng5 c4 15. Bc2 h6 16. Nf3 Bb7 17. Bd2 Qc7 18. d5 g6 19. b4 a5 {1-0 (50) Duda,J (2734)-Kovalev,V (2661) Batumi 2019}) 13. Ng3 g6 {Predecessor:} 14. Bh6 $146 Re8 15. Qd2 c4 16. Bc2 Bf8 17. Bxf8 Rxf8 18. Qh6 Qe7 19. Rad1 Rfe8 {½-½ (94) Muratovic,E (2230)-Iveljic,I (2230) Tuzla 2019} *

[Event "Australian-ch 2020"]
[Site "Kogarah"]
[Date "2020.01.13"]
[Round "11.8"]
[White "Lo, Willis"]
[Black "Plant, John Stuart"]
[Result "1-0"]
[WhiteElo "2108"]
[BlackElo "1993"]
[Annotator "TA"]
[PlyCount "61"]
[EventDate "2020.01.02"]
[EventType "swiss"]
[EventCountry "AUS"]
[SourceTitle "playchess.com"]
[Source "ChessBase"]
[SourceQuality "1"]

{[%evp 14,61,11,14,80,50,37,23,106,112,121,57,230,236,251,255,254,239,333,327,397,357,369,399,370,390,333,234,296,300,328,315,296,275,408,400,790,791,775,777,917,876,996,1005,1281,1242,29986,29987,29975,5331]} 1. c4 d6 2. Nc3 e5 3. g3 c6 4. Bg2 Nf6 5. e4 Be7 6. Nge2 O-O 7. d3 Be6 8. O-O d5 {A22: English Opening: 1...e5 2 Nc3 Nf6} (8... a6 $11) (8... Qd7 9. f4 Bh3 10. d4 exd4 11. Nxd4 Re8 12. Qf3 Na6 13. Be3 Nc5 14. Nb3 Nxb3 15. axb3 Bd8 16. Bxh3 Qxh3 {0-1 (39) Dimitrov,R (2495)-Michna,M (2398) Sunny Beach 2015}) 9. cxd5 cxd5 10. d4 exd4 $146 (10... Nxe4 $11 11. dxe5 Nc6) ({Predecessor:} 10... Nxe4 11. dxe5 Nc6 12. Nxe4 dxe4 13. Bxe4 Qc7 14. Qc2 Qxe5 15. Bxh7+ Kh8 16. Bf4 {0-1 (50) Riez,P-Kazinczy,J (1548) Hungary 2019}) 11. Nxd4 $16 Bg4 12. Qb3 (12. f3 $16 Be6 13. e5) 12... dxe4 $2 (12... Nc6 $1 $14 13. Nxc6 bxc6) 13. Qxb7 $18 {[%mdl 64] Double Attack} Qxd4 14. Qxa8 Nbd7 15. Be3 Qb4 16. Qxa7 Ne5 17. Qd4 Qa5 {Black wants to play ...Nf3+.} 18. Nxe4 Nf3+ 19. Bxf3 $1 Bxf3 20. Nd2 Ba8 21. f3 Rd8 22. Nc4 Qb5 23. a4 Qf5 (23... Qe8 $142) 24. Qe5 Qh3 (24... Qxe5 $142 25. Nxe5 Nd5) 25. Qxe7 Re8 26. Qb4 Bd5 27. Nd6 Rd8 28. Rad1 h5 29. Ne4 Ng4 30. fxg4 Qxg4 {[#]} 31. Nf6+ $1 {Accuracy: White = 59%, Black = 20%.} 1-0